Nový odborný slovník Jazykovedci pomáhajú pôdohospodárskej teórii a praxi

Bibliographic Details
Main Authors: Oravec, Ján, 1922-1986 (Author), Soták, Michal, 1927- (Author)
Format: Article
Language:Slovak
Subjects:

MARC

LEADER 00000nab a2200000 a 4500
001 vtls000087511
003 SK-MaSNL
005 20260303213832.0
008 111103c1981 xo 0 slo
015 |a SNBRB19rr/mm-uuuuu 
035 |a CL0097614 
040 |a SNKBUCL  |b slo  |c SNKBUCL  |e AACR2 
041 0 |a slo 
044 |a xo  |c SK 
080 |a 631  |2 1981 
080 |a 03  |2 1981 
100 1 |a Oravec, Ján,  |d 1922-1986  |4 aut  |9 106656 
245 1 0 |a Nový odborný slovník  |b Jazykovedci pomáhajú pôdohospodárskej teórii a praxi  |c Ján Oravec ; M. Soták 
650 0 7 |a poľnohospodárstvo  |2 snkbucl  |9 679 
650 0 7 |a slovníky odborné  |2 snkbucl  |9 1192689 
655 7 |a články z novín a časopisov  |2 snkbucl  |9 267496 
700 1 |a Soták, Michal,  |d 1927-  |4 aut  |9 123141 
773 0 |t Pravda  |g Roč. 62, č. 148 (25. 6. 1981), s. 5 
787 0 8 |i Rec.:  |a Soták, M.  |t Rusko-slovenský pôdohospodársky slovník  |d Bratislava : Príroda, 1981 
850 |a Slovenská národná knižnica v Martine  |a MTA001 
852 |a SNK  |b KIS3GCP 
958 |a RK 
992 |a RBX 
999 |c 2214174  |d 2216104